Papini / (Record no. 127455)

MARC details
000 -LEADER
campo de control de longitud fija 00676nam a2200217 i 4500
001 - NÚMERO DE CONTROL
campo de control 127455
003 - IDENTIFICADOR DE NÚMERO DE CONTROL
campo de control ES-MaACL
005 - FECHA Y HORA DE LA ÚLTIMA TRANSACCIÓN
campo de control 20251013193022.0
007 - CAMPO FIJO DE DESCRIPCIÓN FÍSICA--INFORMACIÓN GENERAL
campo de control de longitud fija t|
008 - DATOS DE LONGITUD FIJA--INFORMACIÓN GENERAL
campo de control de longitud fija 070214s1958 sp r ||||1| spa d
100 1# - ENTRADA PRINCIPAL--NOMBRE DE PERSONA
Nombre de persona Ridolfi, Roberto.
9 (RLIN) 97064
245 10 - MENCIÓN DEL TÍTULO
Título Papini /
Mención de responsabilidad, etc. Roberto Ridolfi ; [traducción y notas de Jesús López Pacheco].
260 ## - PUBLICACIÓN, DISTRIBUCIÓN, ETC.
Lugar de publicación, distribución, etc. Madrid :
Nombre del editor, distribuidor, etc. Cid,
Fecha de publicación, distribución, etc. 1958.
300 ## - DESCRIPCIÓN FÍSICA
Extensión 330 p., 8 lám. ;
Dimensiones 21 cm.
490 1# - MENCIÓN DE SERIE
Mención de serie Yunque ;
Designación de volumen o secuencia 1
600 14 - PUNTO DE ACCESO ADICIONAL DE MATERIA--NOMBRE DE PERSONA
Nombre de persona Papini, Giovanni,
Fechas asociadas al nombre 1881-1956
9 (RLIN) 88874
700 1# - ENTRADA AGREGADA--NOMBRE PERSONAL
Nombre de persona López Pacheco, Jesús,
Fechas asociadas al nombre 1930-1997
9 (RLIN) 73855
830 0# - PUNTO DE ACCESO ADICIONAL DE SERIE-TÍTULO UNIFORME
Título uniforme Yunque ;
Designación de volumen o secuencia 1
9 (RLIN) 181938
852 ## - LOCALIZACIÓN
Ubicación ES-MaACL
Número de control de estantería C-15761
Sublocalización o colección R.43637
Holdings
Estatus retirado Estado de pérdida Estado de daño No para préstamo Biblioteca de origen Biblioteca actual Ubicación en estantería Fecha de adquisición Fuente de adquisición Total de préstamos Signatura topográfica completa Código de barras Visto por última vez Precio de reemplazo Tipo de ítem Koha
        Biblioteca del Ateneo de Madrid Biblioteca del Ateneo de Madrid Ficheros 17/01/2008     C-15761 1132752 23/02/2023 23/02/2023 Libro impreso